000 00510nam a2200181Ia 4500
003 GCL
008 140319s9999 xx 000 0 ara d
040 _aGCL /
_cGCL
082 0 4 _a736.4
_bح ك \\=aحسين مرسىv
245 1 0 _aنور الاسلام للطباعة
300 _a64 ص
490 _aالهيئة العامة للاستعلامات
_v0
650 0 4 _aالفنون
650 0 4 _aالصناعات الخشبية
650 0 4 _aحفر الخشب
650 0 4 _aالحفر
942 _2ddc
_cBK
999 _c51970
_d51970